Biotechnological approaches for the integrated management of crop diseases / (Record no. 615)

MARC details
000 -LEADER
fixed length control field 00978nam a22002537a 4500
001 - CONTROL NUMBER
control field BD-DhSAU 615
003 - CONTROL NUMBER IDENTIFIER
control field BD-DhSAU
005 - DATE AND TIME OF LATEST TRANSACTION
control field 20150105200710.0
008 - FIXED-LENGTH DATA ELEMENTS--GENERAL INFORMATION
fixed length control field 150105b2004 ii a|||| |||| 001 0deng d
020 ## - INTERNATIONAL STANDARD BOOK NUMBER
International Standard Book Number 8170353521
040 ## - CATALOGING SOURCE
Transcribing agency BD-DhSAU
082 ## - DEWEY DECIMAL CLASSIFICATION NUMBER
Edition number 22
Classification number 632.3
Item number BIO
245 ## - TITLE STATEMENT
Title Biotechnological approaches for the integrated management of crop diseases /
Statement of responsibility, etc. C. D. Mayee ... [et al.]
260 ## - PUBLICATION, DISTRIBUTION, ETC. (IMPRINT)
Place of publication, distribution, etc. Delhi :
Name of publisher, distributor, etc. Daya Publishing House ;
Date of publication, distribution, etc. c2004.
300 ## - PHYSICAL DESCRIPTION
Extent xxvi, 315 p. :
Other physical details ill. ;
Dimensions 25 cm.
440 ## - SERIES STATEMENT/ADDED ENTRY--TITLE
Title Professor L. V. Gangawane Festschrift Volume
504 ## - BIBLIOGRAPHY, ETC. NOTE
Bibliography, etc Includes bibliographical references & index.
590 ## - Name of Cataloguer
Name of Cataloger Jerin
650 ## - SUBJECT ADDED ENTRY--TOPICAL TERM
Topical term or geographic name as entry element Plant Pathology
650 ## - SUBJECT ADDED ENTRY--TOPICAL TERM
Topical term or geographic name as entry element Biotechnology
650 ## - SUBJECT ADDED ENTRY--TOPICAL TERM
Topical term or geographic name as entry element Crop diseases
700 ## - ADDED ENTRY--PERSONAL NAME
Personal name edited by Mayee, C. D. [et al.]
856 ## - ELECTRONIC LOCATION AND ACCESS
Uniform Resource Identifier <a href="https://books.google.com.bd/books?id=QGMUv-D3CkYC&dq=Biotechnological+approaches+for+the+integrated+management+of+crop+diseases&hl=en&sa=X&ei=LF6rVIz8FImTuAS4qoLACQ&redir_esc=y">https://books.google.com.bd/books?id=QGMUv-D3CkYC&dq=Biotechnological+approaches+for+the+integrated+management+of+crop+diseases&hl=en&sa=X&ei=LF6rVIz8FImTuAS4qoLACQ&redir_esc=y</a>
942 ## - ADDED ENTRY ELEMENTS (KOHA)
Source of classification or shelving scheme Dewey Decimal Classification
Koha item type Book
Holdings
Withdrawn status Lost status Source of classification or shelving scheme Damaged status Not for loan Home library Branch Name Shelving location Date acquired Total Checkouts Full call number Barcode Date last seen Price effective from Koha item type Date checked out Collection code
    Dewey Decimal Classification     SAU Library SAU Library General Stacks 23/06/2008   632.3 BIO 34060 05/01/2015 05/01/2015 Book    
    Dewey Decimal Classification     SAU Library SAU Library General Stacks 23/06/2008 1 632.3 BIO 34061 18/06/2023 05/01/2015 Book 05/06/2023  
    Dewey Decimal Classification     SAU Library SAU Library General Stacks 23/06/2008   632.3 BIO 34062 05/01/2015 05/01/2015 Book    
    Dewey Decimal Classification   Not For Loan SAU Library SAU Library Reference 23/06/2008   632.3 BIO 34059 13/05/2015 13/05/2015 Book   Reference